[Event "Stay Safe Play From Home 327"]
[Site "Mustafa Kemal Atatürk"]
[Date "2020.07.23"]
[Round "6"]
[White "SelamiSahin"]
[Black "Ionelluca"]
[Result "1/2-1/2"]
[WhiteElo "2097"]
[BlackElo "1877"]
[PlyCount "131"]
[EventDate "2020.07.23"]
[EventType "swiss (blitz)"]

1. e4 {[%emt 0:00:02]} d6 {[%emt 0:00:03]} 2. d4 {[%emt 0:00:02]} Nf6 {[%emt 0:00:00]} 3. Nc3 {[%emt 0:00:03]} c6 {[%emt 0:00:01]} 4. Nf3 {[%emt 0:00:03]} Nbd7 {[%emt 0:00:01]} 5. e5 {[%emt 0:00:04]} Nd5 {[%emt 0:00:01]} 6. Nxd5 {[%emt 0:00:03]} cxd5 {[%emt 0:00:01]} 7. exd6 {[%emt 0:00:02]} e6 {[%emt 0:00:01]} 8. Bf4 {[%emt 0:00:04]} Qb6 {[%emt 0:00:05]} 9. Bd3 {[%emt 0:00:03]} Bxd6 {[%emt 0:00:02]} 10. Bxd6 {[%emt 0:00:05]} Qxd6 {[%emt 0:00:01]} 11. Qe2 {[%emt 0:00:01]} h6 {[%emt 0:00:04]} 12. O-O {[%emt 0:00:04]} a6 {[%emt 0:00:02]} 13. a4 {[%emt 0:00:05]} Qf4 {[%emt 0:00:09]} 14. a5 {[%emt 0:00:04]} O-O {[%emt 0:00:13]} 15. c3 {[%emt 0:00:08]} Re8 {[%emt 0:00:18]} 16. g3 {[%emt 0:00:09]} Qg4 {[%emt 0:00:02]} 17. Qe3 {[%emt 0:00:07]} Nf6 {[%emt 0:00:06]} 18. Ne5 {[%emt 0:00:03]} Qh3 {[%emt 0:00:01]} 19. f4 {[%emt 0:00:02]} Ng4 {[%emt 0:00:13]} 20. Nxg4 {[%emt 0:00:04]} Qxg4 {[%emt 0:00:01]} 21. Bc2 {[%emt 0:00:02]} f6 {[%emt 0:00:02]} 22. Rae1 {[%emt 0:00:06]} Bd7 {[%emt 0:00:02]} 23. Qd3 {[%emt 0:00:03]} f5 {[%emt 0:00:04]} 24. Rf2 {[%emt 0:00:05]} Kf7 {[%emt 0:00:04]} 25. Kg2 {[%emt 0:00:10]} Rac8 {[%emt 0:00:03]} 26. h3 {[%emt 0:00:03]} Qg6 {[%emt 0:00:02]} 27. Qf3 {[%emt 0:00:01]} Qf6 {[%emt 0:00:02]} 28. g4 {[%emt 0:00:02]} g6 {[%emt 0:00:02]} 29. Kg3 {[%emt 0:00:07]} Rg8 {[%emt 0:00:05]} 30. Rfe2 {[%emt 0:00:03]} g5 {[%emt 0:00:02]} 31. fxg5 {[%emt 0:00:06]} Rxg5 {[%emt 0:00:01]} 32. Re5 {[%emt 0:00:10]} Rcg8 {[%emt 0:00:04]} 33. Kf2 {[%emt 0:00:05]} fxg4 {[%emt 0:00:02]} 34. Qxf6+ {[%emt 0:00:01]} Kxf6 {[%emt 0:00:01]} 35. Rxg5 {[%emt 0:00:02]} Rxg5 {[%emt 0:00:01]} 36. h4 {[%emt 0:00:04]} g3+ {[%emt 0:00:06]} 37. Kf3 {[%emt 0:00:02]} Rg7 {[%emt 0:00:05]} 38. Rg1 {[%emt 0:00:03]} e5 {[%emt 0:00:05]} 39. dxe5+ {[%emt 0:00:08]} Kxe5 {[%emt 0:00:01]} 40. Rxg3 {[%emt 0:00:02]} Rf7+ {[%emt 0:00:01]} 41. Ke3 {[%emt 0:00:03]} Rf6 {[%emt 0:00:04]} 42. Rg7 {[%emt 0:00:04]} Bc6 {[%emt 0:00:04]} 43. Rh7 {[%emt 0:00:02]} Re6 {[%emt 0:00:01]} 44. Kd2 {[%emt 0:00:01]} Kf4 {[%emt 0:00:03]} 45. Rf7+ {[%emt 0:00:01]} Kg3 {[%emt 0:00:03]} 46. h5 {[%emt 0:00:01]} Bb5 {[%emt 0:00:04]} 47. Bg6 {[%emt 0:00:01]} Re2+ {[%emt 0:00:01]} 48. Kc1 {[%emt 0:00:00]} Rf2 {[%emt 0:00:02]} 49. Rxf2 {[%emt 0:00:01]} Kxf2 {[%emt 0:00:01]} 50. Kc2 {[%emt 0:00:00]} Bc4 {[%emt 0:00:01]} 51. b3 {[%emt 0:00:00]} Be2 {[%emt 0:00:01]} 52. Kb2 {[%emt 0:00:00]} Ke3 {[%emt 0:00:01]} 53. Ka3 {[%emt 0:00:00]} Bd1 {[%emt 0:00:02]} 54. Kb4 {[%emt 0:00:00]} Be2 {[%emt 0:00:02]} 55. c4 {[%emt 0:00:00]} dxc4 {[%emt 0:00:02]} 56. bxc4 {[%emt 0:00:00]} Kd4 {[%emt 0:00:01]} 57. c5 {[%emt 0:00:01]} Bb5 {[%emt 0:00:01]} 58. Be8 {[%emt 0:00:00]} Bxe8 {[%emt 0:00:02]} 59. Kb3 {[%emt 0:00:00]} Bxh5 {[%emt 0:00:01]} 60. Kb4 {[%emt 0:00:00]} Be8 {[%emt 0:00:03]} 61. c6 {[%emt 0:00:00]} Bxc6 {[%emt 0:00:01]} 62. Ka3 {[%emt 0:00:01]} Kc5 {[%emt 0:00:00]} 63. Kb2 {[%emt 0:00:00]} Kb5 {[%emt 0:00:01]} 64. Kc1 {[%emt 0:00:00]} Kxa5 {[%emt 0:00:00]} 65. Kd2 {[%emt 0:00:00]} Kb4 {[%emt 0:00:00]} 66. Kd3 {[%emt 0:00:00] Time (Lag: Av=0.60s, max=1.1s)} 1/2-1/2

[Event "Stay Safe Play From Home 327"]
[Site "Mustafa Kemal Atatürk"]
[Date "2020.07.23"]
[Round "6"]
[White "Lazieri3"]
[Black "Sfantul321"]
[Result "1-0"]
[WhiteElo "2030"]
[BlackElo "1936"]
[Annotator "NA"]
[PlyCount "63"]
[EventDate "2020.07.23"]
[EventType "swiss (blitz)"]

1. e4 {[%emt 0:00:01]} g6 {[%emt 0:00:01]} 2. Nc3 {[%emt 0:00:00]} Bg7 {[%emt 0:00:01]} 3. d4 {[%emt 0:00:00]} c5 {[%emt 0:00:01]} 4. Be3 {[%emt 0:00:01]} cxd4 {[%emt 0:00:01]} 5. Bxd4 {[%emt 0:00:00]} e5 {[%emt 0:00:03]} 6. Be3 {[%emt 0:00:02]} Nc6 {[%emt 0:00:01]} 7. Nf3 {[%emt 0:00:01]} a6 {[%emt 0:00:01]} 8. Qd2 {[%emt 0:00:01]} Nge7 {[%emt 0:00:02]} 9. Bh6 {[%emt 0:00:01]} O-O {[%emt 0:00:01]} 10. h4 {[%emt 0:00:01]} d6 {[%emt 0:00:03]} 11. h5 {[%emt 0:00:01]} Bg4 {[%emt 0:00:01]} 12. hxg6 {[%emt 0:00:01]} fxg6 {[%emt 0:00:01]} 13. Bxg7 {[%emt 0:00:01]} Kxg7 {[%emt 0:00:02]} 14. Qh6+ {[%emt 0:00:01]} Kf6 {[%emt 0:00:02]} 15. Qg5+ {[%emt 0:00:06]} Kg7 {[%emt 0:00:01]} 16. Qxg4 {[%emt 0:00:01]} Nd4 {[%emt 0:00:06]} 17. O-O-O {[%emt 0:00:17]} Nxf3 {[%emt 0:00:06]} 18. gxf3 {[%emt 0:00:01]} Nc6 {[%emt 0:00:08]} 19. Nd5 {[%emt 0:00:16]} Nd4 {[%emt 0:00:02]} 20. f4 {[%emt 0:00:01]} Rc8 {[%emt 0:00:03]} 21. c3 {[%emt 0:00:02]} b5 {[%emt 0:00:06]} 22. Kb1 {[%emt 0:00:03]} Nc6 {[%emt 0:00:07]} 23. f5 {[%emt 0:00:04]} b4 {[%emt 0:00:11]} 24. fxg6 {[%emt 0:00:03]} hxg6 {[%emt 0:00:01]} 25. Nxb4 {[%emt 0:00:09]} Nxb4 {[%emt 0:00:04]} 26. cxb4 {[%emt 0:00:00]} Qb6 {[%emt 0:00:07]} 27. Qd7+ {[%emt 0:00:08]} Kf6 {[%emt 0:00:02]} 28. Rxd6+ {[%emt 0:00:05]} Qxd6 {[%emt 0:00:02]} 29. Qxd6+ {[%emt 0:00:01]} Kg5 {[%emt 0:00:01]} 30. Qxe5+ {[%emt 0:00:01]} Kg4 {[%emt 0:00:01]} 31. Be2+ {[%emt 0:00:02]} Rf3 {[%emt 0:00:03]} 32. Qg3# {[%emt 0:00:03] (Lag: Av=0.46s, max=1.2s)} 1-0

[Event "Stay Safe Play From Home 327"]
[Site "Mustafa Kemal Atatürk"]
[Date "2020.07.23"]
[Round "6"]
[White "Haxhi Baha"]
[Black "Greblha"]
[Result "0-1"]
[WhiteElo "1941"]
[BlackElo "1896"]
[PlyCount "88"]
[EventDate "2020.07.23"]
[EventType "swiss (blitz)"]

1. e4 {[%emt 0:00:02]} c6 {[%emt 0:00:00]} 2. Nc3 {[%emt 0:00:02]} d5 {[%emt 0:00:00]} 3. Nf3 {[%emt 0:00:00]} Nf6 {[%emt 0:00:01]} 4. e5 {[%emt 0:00:06]} Ne4 {[%emt 0:00:01]} 5. d3 {[%emt 0:00:09]} Nxc3 {[%emt 0:00:02]} 6. bxc3 {[%emt 0:00:00]} Bg4 {[%emt 0:00:01]} 7. Be2 {[%emt 0:00:01]} e6 {[%emt 0:00:01]} 8. h3 {[%emt 0:00:01]} Bh5 {[%emt 0:00:01]} 9. O-O {[%emt 0:00:04]} c5 {[%emt 0:00:01]} 10. Rb1 {[%emt 0:00:03]} b6 {[%emt 0:00:01]} 11. a4 {[%emt 0:00:15]} Nc6 {[%emt 0:00:01]} 12. g4 {[%emt 0:00:05]} Bg6 {[%emt 0:00:02]} 13. Bf4 {[%emt 0:00:09]} Be7 {[%emt 0:00:01]} 14. d4 {[%emt 0:00:05]} c4 {[%emt 0:00:02]} 15. Bg3 {[%emt 0:00:13]} O-O {[%emt 0:00:01]} 16. h4 {[%emt 0:00:01]} Be4 {[%emt 0:00:01]} 17. Ng5 {[%emt 0:00:11]} Bxg5 {[%emt 0:00:02]} 18. hxg5 {[%emt 0:00:00]} Qxg5 {[%emt 0:00:01]} 19. f4 {[%emt 0:00:00]} Qe7 {[%emt 0:00:04]} 20. Re1 {[%emt 0:00:17]} Qa3 {[%emt 0:00:01]} 21. Bxc4 {[%emt 0:00:03]} Qxc3 {[%emt 0:00:04]} 22. Bd3 {[%emt 0:00:06]} Qxd4+ {[%emt 0:00:02]} 23. Bf2 {[%emt 0:00:02]} Qxa4 {[%emt 0:00:02]} 24. Bb5 {[%emt 0:00:05]} Qa3 {[%emt 0:00:09]} 25. Bxc6 {[%emt 0:00:05]} Qh3 {[%emt 0:00:01]} 26. Rxe4 {[%emt 0:00:01]} dxe4 {[%emt 0:00:07]} 27. Bxa8 {[%emt 0:00:11]} Rxa8 {[%emt 0:00:01]} 28. Rb3 {[%emt 0:00:02]} Qh6 {[%emt 0:00:12]} 29. Bg3 {[%emt 0:00:15]} Qg6 {[%emt 0:00:07]} 30. g5 {[%emt 0:00:09]} h6 {[%emt 0:00:07]} 31. gxh6 {[%emt 0:00:03]} gxh6 {[%emt 0:00:04]} 32. Kf2 {[%emt 0:00:01]} Qf5 {[%emt 0:00:09]} 33. Bh2 {[%emt 0:00:04]} Kh7 {[%emt 0:00:04]} 34. Rg3 {[%emt 0:00:04]} Qxf4+ {[%emt 0:00:05]} 35. Kg2 {[%emt 0:00:02]} Qxe5 {[%emt 0:00:03]} 36. Qf1 {[%emt 0:00:01]} Qf5 {[%emt 0:00:05]} 37. Qxf5+ {[%emt 0:00:01]} exf5 {[%emt 0:00:01]} 38. Rc3 {[%emt 0:00:00]} Rg8+ {[%emt 0:00:02]} 39. Kf2 {[%emt 0:00:01]} Kg6 {[%emt 0:00:05]} 40. Rc7 {[%emt 0:00:00]} f6 {[%emt 0:00:04]} 41. Bf4 {[%emt 0:00:01]} Ra8 {[%emt 0:00:04]} 42. Ke3 {[%emt 0:00:00]} a5 {[%emt 0:00:04]} 43. Rc6 {[%emt 0:00:00]} a4 {[%emt 0:00:05]} 44. Be5 {[%emt 0:00:00]} Rf8 {[%emt 0:00:06] Time (Lag: Av=0.56s, max=1.1s)} 0-1

[Event "Stay Safe Play From Home 327"]
[Site "Mustafa Kemal Atatürk"]
[Date "2020.07.23"]
[Round "6"]
[White "Haris kollari 13"]
[Black "Tunca"]
[Result "1-0"]
[WhiteElo "1858"]
[BlackElo "1779"]
[Annotator "NA"]
[PlyCount "109"]
[EventDate "2020.07.23"]
[EventType "swiss (blitz)"]

1. e4 {[%emt 0:00:01]} e5 {[%emt 0:00:02]} 2. f4 {[%emt 0:00:02]} d5 {[%emt 0:00:03]} 3. d4 {[%emt 0:00:01]} exd4 {[%emt 0:00:21]} 4. e5 {[%emt 0:00:01]} Nc6 {[%emt 0:00:06]} 5. Nf3 {[%emt 0:00:01]} Bg4 {[%emt 0:00:02]} 6. Be2 {[%emt 0:00:01]} Bc5 {[%emt 0:00:06]} 7. Nbd2 {[%emt 0:00:11]} Nge7 {[%emt 0:00:07]} 8. Nb3 {[%emt 0:00:02]} Bxf3 {[%emt 0:00:04]} 9. Bxf3 {[%emt 0:00:09]} Bb6 {[%emt 0:00:09]} 10. Bd2 {[%emt 0:00:01]} Nf5 {[%emt 0:00:08]} 11. Qe2 {[%emt 0:00:04]} Ne3 {[%emt 0:00:03]} 12. Bxe3 {[%emt 0:00:06]} dxe3 {[%emt 0:00:00]} 13. O-O-O {[%emt 0:00:01]} d4 {[%emt 0:00:07]} 14. Qc4 {[%emt 0:00:18]} O-O {[%emt 0:00:09]} 15. Rhe1 {[%emt 0:00:02]} Qh4 {[%emt 0:00:06]} 16. Bxc6 {[%emt 0:00:18]} bxc6 {[%emt 0:00:02]} 17. g3 {[%emt 0:00:05]} Qxh2 {[%emt 0:00:03]} 18. Qxc6 {[%emt 0:00:04]} Qxg3 {[%emt 0:00:05]} 19. Qe4 {[%emt 0:00:01]} Qg6 {[%emt 0:00:09]} 20. f5 {[%emt 0:00:02]} Qh6 {[%emt 0:00:10]} 21. Rh1 {[%emt 0:00:04]} e2+ {[%emt 0:00:02]} 22. Rd2 {[%emt 0:00:04]} Qe3 {[%emt 0:00:23]} 23. Qxe3 {[%emt 0:00:16]} dxe3 {[%emt 0:00:00]} 24. Rxe2 {[%emt 0:00:01]} Rad8 {[%emt 0:00:05]} 25. c4 {[%emt 0:00:02]} c6 {[%emt 0:00:08]} 26. c5 {[%emt 0:00:03]} Bc7 {[%emt 0:00:00]} 27. Rxe3 {[%emt 0:00:01]} Rfe8 {[%emt 0:00:00]} 28. Rhe1 {[%emt 0:00:01]} Rd5 {[%emt 0:00:03]} 29. Kc2 {[%emt 0:00:05]} Rdxe5 {[%emt 0:00:02]} 30. Rxe5 {[%emt 0:00:03]} Rxe5 {[%emt 0:00:00]} 31. Rxe5 {[%emt 0:00:03]} Bxe5 {[%emt 0:00:00]} 32. Na5 {[%emt 0:00:01]} Bd4 {[%emt 0:00:02]} 33. b4 {[%emt 0:00:01]} h5 {[%emt 0:00:01]} 34. Nxc6 {[%emt 0:00:01]} Bf2 {[%emt 0:00:01]} 35. Ne5 {[%emt 0:00:05]} h4 {[%emt 0:00:00]} 36. Ng4 {[%emt 0:00:07]} Be1 {[%emt 0:00:01]} 37. a3 {[%emt 0:00:04]} h3 {[%emt 0:00:00]} 38. c6 {[%emt 0:00:02]} Bg3 {[%emt 0:00:01]} 39. Nf2 {[%emt 0:00:06]} h2 {[%emt 0:00:03]} 40. Nh1 {[%emt 0:00:01]} Bc7 {[%emt 0:00:02]} 41. Kd3 {[%emt 0:00:01]} Kf8 {[%emt 0:00:00]} 42. Ke4 {[%emt 0:00:01]} Ke7 {[%emt 0:00:00]} 43. Kd5 {[%emt 0:00:01]} g6 {[%emt 0:00:01]} 44. a4 {[%emt 0:00:00]} gxf5 {[%emt 0:00:01]} 45. b5 {[%emt 0:00:01]} Kd8 {[%emt 0:00:01]} 46. Kc5 {[%emt 0:00:01]} f4 {[%emt 0:00:01]} 47. Kd5 {[%emt 0:00:02]} f3 {[%emt 0:00:00]} 48. Ke4 {[%emt 0:00:01]} Bb6 {[%emt 0:00:01]} 49. Kxf3 {[%emt 0:00:02]} Kc7 {[%emt 0:00:00]} 50. Ke4 {[%emt 0:00:02]} Kd6 {[%emt 0:00:00]} 51. Kf5 {[%emt 0:00:01]} Kc5 {[%emt 0:00:00]} 52. Kf6 {[%emt 0:00:00]} Kb4 {[%emt 0:00:00]} 53. Kxf7 {[%emt 0:00:02]} Kxa4 {[%emt 0:00:00]} 54. Ke7 {[%emt 0:00:00]} Kxb5 {[%emt 0:00:00]} 55. Kd7 {[%emt 0:00:00] Time (Lag: Av=0.49s, max=0.7s)} 1-0

[Event "Stay Safe Play From Home 327"]
[Site "Mustafa Kemal Atatürk"]
[Date "2020.07.23"]
[Round "6"]
[White "Padmaesh M K"]
[Black "Klasman"]
[Result "1-0"]
[WhiteElo "1767"]
[BlackElo "1492"]
[Annotator "NA"]
[PlyCount "65"]
[EventDate "2020.07.23"]
[EventType "swiss (blitz)"]

1. e4 {[%emt 0:00:01]} f5 {[%emt 0:00:01]} 2. exf5 {[%emt 0:00:01]} Nf6 {[%emt 0:00:01]} 3. d4 {[%emt 0:00:02]} d5 {[%emt 0:00:01]} 4. Bg5 {[%emt 0:00:01]} Bxf5 {[%emt 0:00:01]} 5. Bxf6 {[%emt 0:00:01]} exf6 {[%emt 0:00:01]} 6. Nf3 {[%emt 0:00:01]} Bd6 {[%emt 0:00:05]} 7. Bd3 {[%emt 0:00:02]} Bxd3 {[%emt 0:00:02]} 8. Qxd3 {[%emt 0:00:00]} Qe7+ {[%emt 0:00:02]} 9. Kd1 {[%emt 0:00:01]} O-O {[%emt 0:00:02]} 10. Re1 {[%emt 0:00:02]} Qd7 {[%emt 0:00:05]} 11. Nbd2 {[%emt 0:00:04]} Nc6 {[%emt 0:00:01]} 12. a3 {[%emt 0:00:10]} a6 {[%emt 0:00:01]} 13. Re2 {[%emt 0:00:11]} b5 {[%emt 0:00:02]} 14. Ke1 {[%emt 0:00:02]} Rae8 {[%emt 0:00:03]} 15. Kf1 {[%emt 0:00:02]} Rxe2 {[%emt 0:00:02]} 16. Qxe2 {[%emt 0:00:01]} Re8 {[%emt 0:00:01]} 17. Qd3 {[%emt 0:00:02]} b4 {[%emt 0:00:09]} 18. axb4 {[%emt 0:00:10]} Nxb4 {[%emt 0:00:02]} 19. Qb3 {[%emt 0:00:04]} Qf5 {[%emt 0:00:16]} 20. c3 {[%emt 0:00:12]} Qd3+ {[%emt 0:00:07]} 21. Kg1 {[%emt 0:00:02]} Nc2 {[%emt 0:00:09]} 22. Rc1 {[%emt 0:00:06]} Ne3 {[%emt 0:00:18]} 23. fxe3 {[%emt 0:00:05]} Qxe3+ {[%emt 0:00:01]} 24. Kh1 {[%emt 0:00:01]} Qf2 {[%emt 0:00:05]} 25. Qd1 {[%emt 0:00:17]} Re2 {[%emt 0:00:04]} 26. Qf1 {[%emt 0:00:06]} Rxd2 {[%emt 0:00:02]} 27. Nxd2 {[%emt 0:00:03]} Qxd2 {[%emt 0:00:01]} 28. Rb1 {[%emt 0:00:02]} h5 {[%emt 0:00:09]} 29. Qf3 {[%emt 0:00:05]} Qc2 {[%emt 0:00:09]} 30. Qxd5+ {[%emt 0:00:02]} Kf8 {[%emt 0:00:04]} 31. Re1 {[%emt 0:00:09]} h4 {[%emt 0:00:08]} 32. Qa8+ {[%emt 0:00:04]} Kf7 {[%emt 0:00:04]} 33. Qe8# {[%emt 0:00:01] (Lag: Av=0.54s, max=1.0s)} 1-0

[Event "Stay Safe Play From Home 327"]
[Site "Mustafa Kemal Atatürk"]
[Date "2020.07.23"]
[Round "7"]
[White "Lazieri3"]
[Black "Padmaesh M K"]
[Result "0-1"]
[WhiteElo "2043"]
[BlackElo "1773"]
[PlyCount "52"]
[EventDate "2020.07.23"]
[EventType "swiss (blitz)"]

1. e4 {[%emt 0:00:01]} c5 {[%emt 0:00:02]} 2. Nc3 {[%emt 0:00:00]} e6 {[%emt 0:00:02]} 3. Nf3 {[%emt 0:00:13]} Nc6 {[%emt 0:00:02]} 4. d3 {[%emt 0:00:01]} d5 {[%emt 0:00:01]} 5. exd5 {[%emt 0:00:01]} exd5 {[%emt 0:00:01]} 6. d4 {[%emt 0:00:00]} cxd4 {[%emt 0:00:03]} 7. Nxd4 {[%emt 0:00:00]} Nf6 {[%emt 0:00:01]} 8. Bf4 {[%emt 0:00:02]} Bc5 {[%emt 0:00:04]} 9. Nxc6 {[%emt 0:00:02]} bxc6 {[%emt 0:00:00]} 10. Bd3 {[%emt 0:00:01]} O-O {[%emt 0:00:15]} 11. O-O {[%emt 0:00:01]} Be6 {[%emt 0:00:04]} 12. h3 {[%emt 0:00:03]} Qd7 {[%emt 0:00:04]} 13. Bg5 {[%emt 0:00:06]} Be7 {[%emt 0:00:32]} 14. Re1 {[%emt 0:00:03]} h6 {[%emt 0:00:05]} 15. Bh4 {[%emt 0:00:01]} Bxh3 {[%emt 0:00:07]} 16. Bxf6 {[%emt 0:00:11]} Bxf6 {[%emt 0:00:03]} 17. gxh3 {[%emt 0:00:04]} Qxh3 {[%emt 0:00:03]} 18. Re3 {[%emt 0:00:02]} Qh4 {[%emt 0:00:04]} 19. Rg3 {[%emt 0:00:04]} Be5 {[%emt 0:00:15]} 20. Rg2 {[%emt 0:00:22]} f5 {[%emt 0:00:13]} 21. Qf3 {[%emt 0:00:07]} f4 {[%emt 0:00:02]} 22. Re1 {[%emt 0:00:05]} Rae8 {[%emt 0:00:03]} 23. Qg4 {[%emt 0:00:07]} Qf6 {[%emt 0:00:06]} 24. Qg6 {[%emt 0:00:10]} Bxc3 {[%emt 0:00:03]} 25. bxc3 {[%emt 0:00:02]} Rxe1+ {[%emt 0:00:03]} 26. Kh2 {[%emt 0:00:01]} Qh4# {[%emt 0:00:01] (Lag: Av=0.63s, max=1.5s)} 0-1

[Event "Stay Safe Play From Home 327"]
[Site "Mustafa Kemal Atatürk"]
[Date "2020.07.23"]
[Round "7"]
[White "Greblha"]
[Black "SelamiSahin"]
[Result "0-1"]
[WhiteElo "1915"]
[BlackElo "2073"]
[PlyCount "68"]
[EventDate "2020.07.23"]
[EventType "swiss (blitz)"]

1. e4 {[%emt 0:00:02]} c5 {[%emt 0:00:04]} 2. Nc3 {[%emt 0:00:02]} Nc6 {[%emt 0:00:02]} 3. g3 {[%emt 0:00:00]} e5 {[%emt 0:00:06]} 4. Bg2 {[%emt 0:00:00]} d6 {[%emt 0:00:05]} 5. d3 {[%emt 0:00:00]} Nd4 {[%emt 0:00:02]} 6. Be3 {[%emt 0:00:01]} Nf6 {[%emt 0:00:03]} 7. h3 {[%emt 0:00:02]} Be7 {[%emt 0:00:03]} 8. Nce2 {[%emt 0:00:01]} O-O {[%emt 0:00:03]} 9. c3 {[%emt 0:00:01]} Nc6 {[%emt 0:00:03]} 10. f4 {[%emt 0:00:01]} d5 {[%emt 0:00:03]} 11. Qc2 {[%emt 0:00:07]} d4 {[%emt 0:00:16]} 12. Bd2 {[%emt 0:00:02]} b5 {[%emt 0:00:07]} 13. fxe5 {[%emt 0:00:10]} Nxe5 {[%emt 0:00:01]} 14. cxd4 {[%emt 0:00:02]} cxd4 {[%emt 0:00:04]} 15. Nf3 {[%emt 0:00:03]} Nxf3+ {[%emt 0:00:01]} 16. Bxf3 {[%emt 0:00:01]} Be6 {[%emt 0:00:15]} 17. Nf4 {[%emt 0:00:02]} Qd6 {[%emt 0:00:06]} 18. a3 {[%emt 0:00:19]} Rac8 {[%emt 0:00:02]} 19. Qd1 {[%emt 0:00:05]} Rc7 {[%emt 0:00:08]} 20. Bb4 {[%emt 0:00:01]} Qe5 {[%emt 0:00:04]} 21. Bxe7 {[%emt 0:00:08]} Rxe7 {[%emt 0:00:00]} 22. Kf2 {[%emt 0:00:10]} Rc8 {[%emt 0:00:04]} 23. Nxe6 {[%emt 0:00:06]} Rxe6 {[%emt 0:00:06]} 24. Qb3 {[%emt 0:00:01]} Rec6 {[%emt 0:00:06]} 25. Rhe1 {[%emt 0:00:01]} Nh5 {[%emt 0:00:05]} 26. Bxh5 {[%emt 0:00:22]} Qxh5 {[%emt 0:00:00]} 27. Re2 {[%emt 0:00:06]} Re6 {[%emt 0:00:03]} 28. h4 {[%emt 0:00:16]} Rf6+ {[%emt 0:00:03]} 29. Ke1 {[%emt 0:00:06]} Qf3 {[%emt 0:00:01]} 30. Kd2 {[%emt 0:00:07]} Qxg3 {[%emt 0:00:01]} 31. Qxb5 {[%emt 0:00:09]} Qf4+ {[%emt 0:00:03]} 32. Kd1 {[%emt 0:00:03]} Qf1+ {[%emt 0:00:00]} 33. Kd2 {[%emt 0:00:01]} Qxa1 {[%emt 0:00:03]} 34. Qb7 {[%emt 0:00:06]} Qc1# {[%emt 0:00:01] (Lag: Av=0.46s, max=0.6s)} 0-1

[Event "Stay Safe Play From Home 327"]
[Site "Mustafa Kemal Atatürk"]
[Date "2020.07.23"]
[Round "7"]
[White "Ionelluca"]
[Black "Haris kollari 13"]
[Result "1-0"]
[WhiteElo "1887"]
[BlackElo "1871"]
[Annotator "NA"]
[PlyCount "77"]
[EventDate "2020.07.23"]
[EventType "swiss (blitz)"]

1. c4 {[%emt 0:00:02]} e6 {[%emt 0:00:00]} 2. g3 {[%emt 0:00:06]} b6 {[%emt 0:00:00]} 3. Bg2 {[%emt 0:00:01]} Nc6 {[%emt 0:00:00]} 4. Nc3 {[%emt 0:00:02]} Bb7 {[%emt 0:00:01]} 5. d3 {[%emt 0:00:01]} g6 {[%emt 0:00:01]} 6. b3 {[%emt 0:00:02]} Bg7 {[%emt 0:00:01]} 7. Bb2 {[%emt 0:00:01]} Nge7 {[%emt 0:00:00]} 8. Rb1 {[%emt 0:00:01]} O-O {[%emt 0:00:01]} 9. e3 {[%emt 0:00:01]} a5 {[%emt 0:00:01]} 10. Nge2 {[%emt 0:00:02]} Rb8 {[%emt 0:00:01]} 11. O-O {[%emt 0:00:01]} h5 {[%emt 0:00:01]} 12. Nf4 {[%emt 0:00:02]} Nf5 {[%emt 0:00:12]} 13. Ne4 {[%emt 0:00:03]} Nb4 {[%emt 0:00:10]} 14. a3 {[%emt 0:00:06]} Na6 {[%emt 0:00:06]} 15. Qd2 {[%emt 0:00:08]} Bxe4 {[%emt 0:00:05]} 16. dxe4 {[%emt 0:00:02]} Nd6 {[%emt 0:00:04]} 17. Bxg7 {[%emt 0:00:03]} Kxg7 {[%emt 0:00:02]} 18. Qc3+ {[%emt 0:00:04]} Kh7 {[%emt 0:00:01]} 19. Rfd1 {[%emt 0:00:04]} Nc5 {[%emt 0:00:02]} 20. Qc2 {[%emt 0:00:06]} Qg5 {[%emt 0:00:08]} 21. b4 {[%emt 0:00:02]} axb4 {[%emt 0:00:04]} 22. axb4 {[%emt 0:00:01]} Ncb7 {[%emt 0:00:01]} 23. h4 {[%emt 0:00:06]} Qe5 {[%emt 0:00:06]} 24. Nd3 {[%emt 0:00:05]} Qg7 {[%emt 0:00:03]} 25. c5 {[%emt 0:00:02]} Ne8 {[%emt 0:00:10]} 26. Nf4 {[%emt 0:00:08]} c6 {[%emt 0:00:07]} 27. Rxd7 {[%emt 0:00:02]} b5 {[%emt 0:00:05]} 28. Nxe6 {[%emt 0:00:01]} Qg8 {[%emt 0:00:07]} 29. Ng5+ {[%emt 0:00:01]} Kg7 {[%emt 0:00:05]} 30. Qc3+ {[%emt 0:00:06]} Nf6 {[%emt 0:00:12]} 31. Ne6+ {[%emt 0:00:01]} Kh6 {[%emt 0:00:06]} 32. Qxf6 {[%emt 0:00:03]} Rbe8 {[%emt 0:00:25]} 33. Nxf8 {[%emt 0:00:05]} Rxf8 {[%emt 0:00:04]} 34. Rxb7 {[%emt 0:00:01]} Kh7 {[%emt 0:00:03]} 35. Rd1 {[%emt 0:00:03]} Kh6 {[%emt 0:00:04]} 36. Rdd7 {[%emt 0:00:02]} Ra8 {[%emt 0:00:03]} 37. Rxf7 {[%emt 0:00:03]} Ra1+ {[%emt 0:00:03]} 38. Kh2 {[%emt 0:00:01]} Qb8 {[%emt 0:00:03]} 39. Rh7# {[%emt 0:00:04] (Lag: Av=0.51s, max=1.2s) Haris kollari 13 resigns} 1-0

[Event "Stay Safe Play From Home 327"]
[Site "Mustafa Kemal Atatürk"]
[Date "2020.07.23"]
[Round "7"]
[White "Timbre"]
[Black "Haxhi Baha"]
[Result "0-1"]
[WhiteElo "1649"]
[BlackElo "1922"]
[PlyCount "76"]
[EventDate "2020.07.23"]
[EventType "swiss (blitz)"]

1. d4 {[%emt 0:00:14]} d5 {[%emt 0:00:03]} 2. Nf3 {[%emt 0:00:01]} Bf5 {[%emt 0:00:02]} 3. c3 {[%emt 0:00:01]} e6 {[%emt 0:00:01]} 4. Bf4 {[%emt 0:00:01]} Bd6 {[%emt 0:00:01]} 5. Bg3 {[%emt 0:00:01]} Qe7 {[%emt 0:00:04]} 6. e3 {[%emt 0:00:01]} Nd7 {[%emt 0:00:02]} 7. Bd3 {[%emt 0:00:01]} Bg6 {[%emt 0:00:06]} 8. Bxg6 {[%emt 0:00:03]} hxg6 {[%emt 0:00:01]} 9. Bxd6 {[%emt 0:00:02]} Qxd6 {[%emt 0:00:02]} 10. h3 {[%emt 0:00:01]} Ngf6 {[%emt 0:00:01]} 11. Nbd2 {[%emt 0:00:01]} Ne4 {[%emt 0:00:06]} 12. Nxe4 {[%emt 0:00:03]} dxe4 {[%emt 0:00:00]} 13. Nd2 {[%emt 0:00:02]} f5 {[%emt 0:00:01]} 14. Qe2 {[%emt 0:00:03]} a6 {[%emt 0:00:06]} 15. a3 {[%emt 0:00:05]} c5 {[%emt 0:00:03]} 16. O-O-O {[%emt 0:00:11]} O-O {[%emt 0:00:15]} 17. f3 {[%emt 0:00:02]} exf3 {[%emt 0:00:08]} 18. Nxf3 {[%emt 0:00:02]} Nf6 {[%emt 0:00:09]} 19. Ne5 {[%emt 0:00:04]} Ne4 {[%emt 0:00:03]} 20. Nxg6 {[%emt 0:00:06]} Rf6 {[%emt 0:00:02]} 21. Ne5 {[%emt 0:00:07]} Ng3 {[%emt 0:00:02]} 22. Qf3 {[%emt 0:00:05]} Nxh1 {[%emt 0:00:03]} 23. Rxh1 {[%emt 0:00:02]} cxd4 {[%emt 0:00:01]} 24. exd4 {[%emt 0:00:02]} Qc7 {[%emt 0:00:17]} 25. Re1 {[%emt 0:00:12]} Rc8 {[%emt 0:00:01]} 26. g4 {[%emt 0:00:03]} fxg4 {[%emt 0:00:10]} 27. Qxg4 {[%emt 0:00:02]} b5 {[%emt 0:00:10]} 28. Nd3 {[%emt 0:00:10]} Qd6 {[%emt 0:00:10]} 29. Kb1 {[%emt 0:00:06]} Rcf8 {[%emt 0:00:05]} 30. Qg2 {[%emt 0:00:22]} Qd5 {[%emt 0:00:07]} 31. Qxd5 {[%emt 0:00:11]} exd5 {[%emt 0:00:00]} 32. Nc5 {[%emt 0:00:04]} a5 {[%emt 0:00:02]} 33. Re5 {[%emt 0:00:12]} Rf1+ {[%emt 0:00:01]} 34. Ka2 {[%emt 0:00:02]} Rh1 {[%emt 0:00:07]} 35. Rxd5 {[%emt 0:00:02]} Rf2 {[%emt 0:00:03]} 36. Rd8+ {[%emt 0:00:05]} Kh7 {[%emt 0:00:01]} 37. Rd5 {[%emt 0:00:02]} Rhh2 {[%emt 0:00:01]} 38. Nd3 {[%emt 0:00:02]} Rd2 {[%emt 0:00:02] Time (Lag: Av=0.65s, max=1.3s) .} 0-1